Conexiones emocionales en la ciudad : propuesta metodológica para el estudio de las personas en el espacio público de San Isidro de El General, Pérez Zeledón
Salvato in:
| Autore principale: | |
|---|---|
| Altri autori: | , , |
| Natura: | Sconosciuto |
| Lingua: | Spanish |
| Pubblicazione: |
[San José, Costa Rica]
2017
|
| Soggetti: | |
| Tags: |
Aggiungi Tag
Nessun Tag, puoi essere il primo ad aggiungerne!!
|
MARC
| LEADER | 00000 a2200000 4500 | ||
|---|---|---|---|
| 003 | EA0166 | ||
| 005 | 20230227100723.0 | ||
| 008 | 140114s2017 cr a 000 ||spa d | ||
| 040 | |c cru CEDI | ||
| 090 | |a TFG EA-166 | ||
| 100 | |a Amén Muñoz, Marcela |9 20308 | ||
| 245 | |a Conexiones emocionales en la ciudad : propuesta metodológica para el estudio de las personas en el espacio público de San Isidro de El General, Pérez Zeledón | ||
| 260 | |a [San José, Costa Rica] |c 2017 | ||
| 500 | |a Seminario de graduación (licenciatura en arquitectura)--Universidad de Costa Rica. Facultad de Ingeniería. Escuela de Arquitectura | ||
| 501 | |a Director de Seminario de Graduación: Dr. Arq. José A. Villarreal Montoya | ||
| 650 | |x ESPACIOS PUBLICOS - SAN ISIDRO DE EL GENERAL (PEREZ ZELEDON, SAN JOSE, COSTA RICA) |9 20312 | ||
| 700 | |a Hernández Naranjo, María José |9 20309 | ||
| 700 | |9 20310 |a Sánchez Cervantes, Adrián | ||
| 700 | |9 84 |a Villarreal Montoya, José Aquiles, 1959- |d Director del TFG | ||
| 942 | |c CEDI | ||
| 999 | |c 12671 |d 12671 | ||
